00402nam a2200157Ia 45000010006000000050017000060080041000230410008000640820018000721000030000902450071001202600009001913000028002006500008002286540008002361801020260306171559.0260306s9999||||xx |||||||||||||| ||und|| aESP a658.3124bB24 aBarbosa Cano, ErasmoeAUT 0aManual de capacitación:bun engrane vital para la competitividad c2014 a395 páginas :c24 cm. aGEN aCAN